000 00859nas a2200289 4500
001 BR0703807
003 BR-BrBNA
005 20231205110925.0
007 ta
008 230509b bl.|||p| |||| 00| 00por d
040 _aBR-BrBNA
_bpor
_cBiblioteca Nacional de Agricultura
041 _a(Pt)
072 _aM12; L52
100 1 _aCanton, R.
100 1 _aWeingartner, M.
100 1 _aFracalossi, D.M.
100 1 _aZaniboni Filho, E.
245 1 _aInfluência da freqüência alimentar no desempenho de juvenis de jundiá
650 _aBAGRE
650 _aDIETA
650 _aPERFORMANCE
650 _aCONVERSÃO ALIMENTAR
650 _aGANHO DE PESO
773 0 _tRevista Brasileira de Zootecnia (Brazil)
_xISSN 1516-3598
_g(Jul-Aug 2007), v. 36(4) p. 749-753
_wBR0703807
909 _a202311
_bLúcia
_c55
_dLúcia Elande
942 _2AGRIS
_n0
_cANA
999 _c189788
_d189788